000 00524nam a2200193 a 4500
005 20240924071158.0
008 991125s1982 es 000 0 spa u
020 _a8437216230
035 _aUPN01000025850
049 _aI
050 4 _aPZ8
_bR6.48
100 1 _aRoss, Tony
_932982
245 1 3 _aEl gato con botas /
_cTony Ross ; tr. Juan R. Azaola.
260 _aMadrid :
_bAltea,
_c1982.
300 _a[45] p. :
_bil. col.
440 0 _aAltea Benjamín ;
_v24
650 4 _aLiteratura infantil
_94445
905 _aInfantil
999 _c25850
_d25850